000 00707nam a22002537a 4500
003 UA-OsUOA
001 107405
007 ta
008 20140808b un ||||| |||| 00| 0 ukr d
100 _aРижаков А. П.
090 _a343.13
_bР49
942 _cBK
040 _aUA-OsUOA
_bukr
_cUA-OsUOA
_dUA-OsUOA
245 _aОрганы дознания в уголовном процессе
300 _a360 с.
955 _a2
041 _aukr
080 _a343.13
020 _a5-89391-042-7
591 _aСамолюк В. В.
260 _aМ.
_bФормула права
_c1999
650 7 _a343 Кримінальне право. Карні порушення
_2UDC
999 _c393588
_d393588